LEADER 01140nam a2200253 i 4500 001 000000137354 003 CaOOAMICUS 005 20190805114557.0 008 060907s1985 it u000 u ita u 013 $a111128 040 $aSeMil$bita 100 1 $aCaielli, Fausto.$0(OLS)http://semarc/name/55760 245 13$aLa cittą che vive :$bMilano dai campi gioco all'animazione di quartiere /$cFausto Caielli ; interventi di G. Cominelli ... [et al.]. 260 $aMilano :$bCircolo culturale Carlo Perini,$c1985. 300 $a127 p. :$bill. ;$c21 cm. 490 0 $aIl quaderno ;$v10 650 4$aMilano - Circolo culturale C. Perini - Attivitą - Storia.$0(OLS)http://semarc/subject/26977 830 3$aIl quaderno ;$v10.$0(OLS)http://semarc/title/21575 850 $aSeMil 852 $aSeMil$W1$xVenegono$y1$m3O III 24$j90900$B90900$CSeMilBibl$Z2$F116142 $81 961 $aRecupero: Altro 996 $6245$aLa cittą che vive :$bMilano dai campi gioco all'animazione di quartiere$9(OLS)http://semarc/title/200681 996 $6260$aMilano :$bCircolo culturale Carlo Perini$9(OLS)http://semarc/publisher/34370 LEADER 00646naa a2200157 i 4500 001 000000306634 003 CaOOAMICUS 005 20180831172900.0 008 180831n it u000 u ita u 013 $a15162 040 $aSeMil$bita 100 1 $aFalzone, Maria Teresa <1935-1912>.$0(OLS)http://semarc/name/76552 245 13$aLa caritą della chiesa siciliana del post-concilio e le povertą di oggi. 650 4$aCaritą - Pastorale.$0(OLS)http://semarc/subject/18452 650 4$aCaritą - Sicilia.$0(OLS)http://semarc/subject/43525 996 $6245$aLa caritą della chiesa siciliana del post-concilio e le povertą di oggi$9(OLS)http://semarc/title/382038 LEADER 01585nam a2200277 i 4500 001 000000066988 003 CaOOAMICUS 005 20140131000000.0 008 140131s1951 xx u000 u eng u 013 $a38160 040 $aSeMil$bita 100 1 $aWilliams, Michael E.$0(OLS)http://semarc/name/33572 245 14$aThe teaching of Gilbert Porreta on the Trinity as found in his commentaries on Boethius :$bdissertatio ad Lauream in Facultate Theologica Pontificiae Universitatis Gregorianae /$cby Michael E. Williams. 260 $aRomae :$bApud Aedes Universitatis Gregorianae,$c1951. 300 $aXV, 130 p. ;$c24 cm. 490 0 $aAnalecta Gregoriana ;$v56. 490 0 $aAnalecta Gregoriana. Series Facultatis Historiae Ecclesiasticae. Sectio B ;$v23 500 $aContiene : Bibliography. 650 4$aGilberto : Porretano <1076-1154>.$0(OLS)http://semarc/subject/45634 650 4$aTrinitą - Teologia.$0(OLS)http://semarc/subject/1098 830 0$aAnalecta Gregoriana ;$v56.$0(OLS)http://semarc/title/9 830 0$aAnalecta Gregoriana. Series Facultatis Historiae Ecclesiasticae. Sectio B ;$v23.$0(OLS)http://semarc/title/19232 850 $aSeMil 852 $aSeMil$W1$xVenegono$y1$m2N V 156 ^$j33141$B33141$CSeMilBibl$Z2$F33144 $81 996 $6245$aThe teaching of Gilbert Porreta on the Trinity as found in his commentaries on Boethius :$bdissertatio ad Lauream in Facultate Theologica Pontificiae Universitatis Gregorianae$9(OLS)http://semarc/title/106672 996 $6260$aRomae :$bApud Aedes Universitatis Gregorianae$9(OLS)http://semarc/publisher/30266 LEADER 01029nas a2200229 i 4500 001 000000195753 003 CaOOAMICUS 005 20110120000000.0 008 101228b2010 it uu u0 0ita r 013 $a174433 040 $aSeMil$bita 245 10$aVarese per negozi =$bShopping in Varese. 260 $a[Varese] :$bCamera di Commercio Industria, Artigianato e Agricoltura di Varese,$ccopyr. 2010. 300 $a95 p. :$briccamente ill. ;$c29 cm. 500 $aTraduzione in inglese dei singoli articoli. - Titolo dalla copertina. 773 0 $tLombardia Nord-Ovest.$dVarese : [s.n.], [1958?]$w()3252 774 0 $t[vedi periodico].$w()274468 850 $aSeMil 852 $aSeMil$W1$xVenegono$y1$m199 5 59$j146322$B146322$CSeMilBibl$Z2$F158422 $85 961 $aOmaggio: Camera di Commercio 996 $6245$aVarese per negozi =$bShopping in Varese$9(OLS)http://semarc/title/282531 996 $6260$a[Varese] :$bCamera di Commercio Industria, Artigianato e Agricoltura di Varese$9(OLS)http://semarc/publisher/35108